Responses for Show #1352 - Tuesday, June 19, 1990

Eric Terzuolo game 3.

Contestants

Dan Capone, a civil engineer from Marina Del Rey, California

Karen Blank, a publications manager originally from Hinsdale, Illinois

Eric Terzuolo, a foreign service officer from Washington, D.C. (whose 2-day cash winnings total $22,100)

[next game >>]

Jeopardy! Round responses

FICTIONAL CHARACTERS
COSMETICS
COUNTRY MUSIC
AMERICAN MOUNTAINS
SPORTS
THINGS THAT GO BUMP...
    $100 3
(Ebenezer) Scrooge

Karen
    $100 18
Maybelline

Karen
    $100 21
Hank Williams

Karen
    $100 1
Pikes Peak

Eric
    $100 6
a bat

Eric
    $100 16
a monster

Eric
    $200 4
the Swiss Family Robinson

Eric
    $200 19
biting your nails

Karen
    $200 22
(Dan: Who is Reed?)

Burt Reynolds

KarenDan
    $200 2
Mount Rainier

Karen
    $200 12
(Eric: What is bowling?)
(Alex: More specific?)

lawn bowling

Eric
    $200 17
the Bogeyman

Dan
    $300 5
Bambi

Dan
    $300 20
skin oil

Eric
    $1,000 23
(Karen: Who is Willie Nelson?)
...
(Alex: Who is [*]?--sounding very young, I might add... we have less than a minute to go.)

Kris Kristofferson

Karen
    $300 9
(Eric: What is Mount Wilson?)
(Karen: What is Mount Baldy?)

Mount Palomar

EricKaren
Triple Stumper
    $300 13
Andre Agassi

Dan
    $400 7
Sir Gawain

Karen
    $400 24
1006

Karen
    $400 26
take your love to town

Eric
    $400 10
Adirondack

Eric
    $400 15
Los Angeles

Eric
    $500 8
Robin Hood

Eric
    $500 25
Agiga

Triple Stumper
    $500 27
[The end-of-round signal sounds.]

(another) somebody done somebody wrong song

Karen
    $500 11
Kansas

Eric
    $500 14
(Dan: Who is Brett?)

Bo Jackson

Dan
Triple Stumper

Scores at the first commercial break (after clue 16):

Eric Karen Dan
$2,200 $400 $100

Scores at the end of the Jeopardy! Round:

Eric Karen Dan
$2,900 $900 $100

Double Jeopardy! Round responses

SHAKESPEARE
ARCHAEOLOGY
ARTISTS
GOVERNMENT & POLITICS
TRANSPORTATION
UKRAINE
    $200 3
Macbeth

Dan
    $200 17
a dig

Eric
    $200 25
Gainsborough

Karen
    $200 12
a protocol

Eric
    $200 1
the Baltimore & Ohio Railroad

Eric
    $200 2
a Soviet Socialist Republic

Karen
    $400 21
love

Karen
    $400 18
carbon-14 dating

Eric
    $400 26
Donatello

Eric
    $400 13
the cloak room

Eric
    $400 4
(Karen: What is Los Angeles?)

Chicago

KarenDan
    $400 8
Khrushchev

Eric
    $1,000 22
Katherine (Kate)

Karen
    $600 19
Angkor Wat

Eric
    $600 27
Hans Holbein (the Younger)

Karen
    $600 14
(Eric: Who is the proxy?)

the alternate

Eric
Triple Stumper
    $600 5
oil tankers

Dan
    $600 9
Kiev

Eric
    $800 23
(Alex: That's from Shylock's speech in [*].)

The Merchant of Venice

Triple Stumper
    $800 20
an Egyptologist

Karen
    $800 28
Hogarth

Karen
    $800 15
Walter Mondale

Eric
    $800 6
Venice

Eric
    $800 10
(Alex: It's a musical instrument, right.)

play it

Eric
    $1000 24
(Alex: We have less than a minute to go, Karen.)

Viola

Triple Stumper
    $1000 30
(King) Minos

Eric
    $1000 29
(Karen: Who is Gauguin?)

Henri Rousseau

EricKaren
    $1000 16
aldermans

Triple Stumper
    $1000 7
(Igor) Sikorsky

Eric
    $700 11
the Crimea

Eric

Scores at the end of the Double Jeopardy! Round:

Eric Karen Dan
$11,800 $3,500 $1,300
(lock game)

[wagering suggestions for these scores]

Final Jeopardy! Round responses

FAMOUS NAMES
(Alex: [To Eric] That was the time it took her to fly across the Atlantic--first time 1928, she was a passenger; she then did it solo a few years later.)
DanWho is Mead?
$1,300
KarenWho was Gertrude Stein
$3,500
EricWho was Amelia Earhart?
$1,000
Amelia Earhart

Final scores:

Eric Karen Dan
$12,800 $0 $0
3-day champion: $34,900 2nd place: Chromcraft dining furniture & Casablanca ceiling fan + Jeopardy! home game or Jeopardy! Challenger 3rd place: Vitamix 360 + Jeopardy! home game or Jeopardy! Challenger

Game dynamics:

Coryat scores:

Eric Karen Dan
$12,100 $4,100 $1,300
27 R
(including 1 DD),
2 W
16 R
(including 1 DD),
4 W
(including 1 DD)
6 R,
2 W

Combined Coryat: $17,500

[game clues] [game scores] [suggest correction]

Game tape date: 1990-02-06
The J! Archive is created by fans, for fans. Scraping, republication, monetization, and malicious use prohibited; this site may use cookies and collect identifying information. See terms. The Jeopardy! game show and all elements thereof, including but not limited to copyright and trademark thereto, are the property of Jeopardy Productions, Inc. and are protected under law. This website is not affiliated with, sponsored by, or operated by Jeopardy Productions, Inc. Join the discussion at JBoard.tv.